[Event "4th Open"]
[Site "Halkida GRE"]
[Date "2000.08.17"]
[Round "8"]
[White "Ilandzis,S"]
[Black "Papastavropoulos,A"]
[Result "1/2-1/2"]
[WhiteElo "2249"]
[BlackElo "2211"]

1.d4 Nf6 2.Nf3 g6 3.c4 Bg7 4.Nc3 d6 5.e4 O-O 6.Be2 e5 7.O-O Nc6 8.d5 Ne7
9.b4 Ne8 10.c5 f5 11.Nd2 f4 12.Bg4 h5 13.Bxc8 Qxc8 14.Nc4 f3 15.gxf3 Qh3
16.Be3 Rxf3 17.Re1 Rf4 18.f3 Rxf3 19.Rc1 b5 20.cxb6 axb6 21.Qe2 Nf6 22.Nd2 Rxe3
23.Qxe3 Qxe3+ 24.Rxe3 Bh6 25.Re2 c6 26.Rf1 Ng4 27.Nc4 b5 28.Nxd6 cxd5 29.exd5 Ne3
30.Rf3 N7xd5 31.Nxd5 Nxd5 32.Rxe5 Nxb4 33.Re6 Nxa2 34.Rxg6+ Kh7 35.Re6 Rg8+
36.Kf2 b4 37.Rf5 Rg6 38.Rf7+ Bg7 39.Rxg6 Kxg6 40.Rb7 Be5 41.Nc4 Bxh2 42.Kg2 Bf4
43.Rb5 h4 44.Kh3 Bg3 45.Kg4 Kf6 46.Rb6+ Ke7 47.Ne3 Kd7 48.Nf5 Be1 49.Rb5 Kc6
50.Nd4+ Kd6 51.Nb3 Kc6 52.Re5 Bg3 53.Rc5+ Kb6 54.Rh5 Nc3 55.Kf3 Kc6 56.Ke3 Nd5+
57.Kd4 Nf4 58.Na5+ Kd7 59.Rh6 h3 60.Ke4 Ne6 61.Kf5 h2 62.Rh7+ Kd6 63.Kg4 Be5
64.Nc4+ Kd5 65.Nxe5 Kxe5 66.Rxh2 Kd4 67.Kf5 Nc5  1/2-1/2

[Event "Lost Boys Open"]
[Site "Amsterdam NED"]
[Date "2000.08.18"]
[Round "8"]
[White "Peek,Mar"]
[Black "David,Alb"]
[Result "1/2-1/2"]
[WhiteElo "2299"]
[BlackElo "2487"]

1.d4 Nf6 2.c4 g6 3.Nc3 Bg7 4.e4 d6 5.Nf3 O-O 6.Be2 e5 7.O-O Nc6 8.d5 Ne7
9.b4 Nh5 10.Re1 f5 11.Ng5 Nf6 12.Bf3 c6 13.Bb2 h6 14.Ne6 Bxe6 15.dxe6 fxe4
16.Nxe4 Nxe4 17.Bxe4 d5 18.cxd5 cxd5 19.Bc2 Qb6 20.Qd2 e4 21.Bxg7 Kxg7 22.Bb3 Rf5
23.Rad1 Raf8 24.Qd4+ R8f6 25.Qxb6 axb6 26.Rc1 Rxf2 27.Rc7 Kf8 28.Rxb7 e3
29.Rb8+ Kg7 30.Rb7 e2 31.Rxe7+ Kh8 32.Re8+ Kg7 33.Re7+  1/2-1/2

[Event "Open"]
[Site "Polanica Zdroj POL"]
[Date "2000.08.19"]
[Round "3"]
[White "Eljanov,P"]
[Black "Gaponenko,I"]
[Result "1-0"]
[WhiteElo "2487"]
[BlackElo "2375"]

1.d4 Nf6 2.Nf3 g6 3.c4 Bg7 4.Nc3 O-O 5.e4 d6 6.Be2 e5 7.O-O Nc6 8.d5 Ne7
9.b4 Nh5 10.Re1 f5 11.Ng5 Nf6 12.Bf3 fxe4 13.Ngxe4 Nf5 14.Bg5 a5 15.bxa5 Rxa5
16.a4 b6 17.Nb5 Bd7 18.g3 Nd4 19.Nxd4 exd4 20.Bxf6 Bxf6 21.Bg4 Bg7 22.Ra3 Bf5
23.Bxf5 gxf5 24.Nd2 f4 25.Re6 c6 26.Nb3 fxg3 27.hxg3 Ra7 28.Nxd4 Raf7 29.Re2 Bxd4
30.Qxd4 Qg5 31.Kg2 cxd5 32.Qxd5 Qxd5+ 33.cxd5 Rf5 34.Rb3 Rxd5 35.Rxb6 Ra5
36.Re4 Rfa8 37.Rg4+ Kf7 38.Rxd6 Rxa4 39.Rd7+ Kf6 40.Rxa4 Rxa4 41.Rxh7 Ra2
42.Rb7 Kg5 43.Rb5+ Kg4 44.Rb4+ Kg5 45.g4 Kh4 46.Kf3 Ra8 47.Ke3 Ra3+ 48.Kf4 Ra8
49.f3 Rf8+ 50.Ke4 Re8+ 51.Kf5 Rf8+ 52.Kg6 Rg8+ 53.Kf7 Ra8 54.Rf4 Ra7+ 55.Kg6 Ra6+
56.Rf6 Ra5 57.Kh6 Ra8 58.g5  1-0

[Event "III Pyramiden-Franken Cup"]
[Site "Fuerth GER"]
[Date "2000.08.21"]
[Round "3"]
[White "Kordts,W"]
[Black "Joachim,S"]
[Result "1/2-1/2"]
[WhiteElo "2212"]
[BlackElo "2445"]

1.d4 Nf6 2.c4 g6 3.Nc3 Bg7 4.e4 d6 5.Nf3 O-O 6.Be2 e5 7.O-O Nc6 8.d5 Ne7
9.b4 a5 10.Ba3 axb4 11.Bxb4 b6 12.a4 Re8 13.a5 c5 14.dxc6 Nxc6 15.Qxd6 Bd7
16.Ba3 Nd4 17.Qxb6 Qxb6 18.axb6 Nc2 19.Bd6 Nxa1 20.b7 Rad8 21.Rxa1 Bc6 22.b8=Q Rxb8
23.Bxb8 Rxb8 24.Nd5  1/2-1/2

[Event "Open"]
[Site "Porto San Giorgio ITA"]
[Date "2000.08.21"]
[Round "2"]
[White "Savchenko,S"]
[Black "Maier,C"]
[Result "1-0"]
[WhiteElo "2579"]
[BlackElo "2351"]

1.d4 Nf6 2.c4 g6 3.Nc3 Bg7 4.e4 d6 5.Nf3 O-O 6.Be2 e5 7.O-O Nc6 8.d5 Ne7
9.b4 Nd7 10.c5 dxc5 11.bxc5 Nxc5 12.Ba3 b6 13.Bxc5 bxc5 14.Na4 Nxd5 15.Qxd5 Qxd5
16.exd5 e4 17.Nd2 Bxa1 18.Rxa1 Re8 19.Nxc5 e3 20.Ndb3 exf2+ 21.Kxf2 Rb8 22.Rc1 Re5
23.Bf3 Rb6 24.Na4 Rf6 25.Rxc7 Bg4 26.Nc3 Bxf3 27.gxf3 Rh5 28.Ne4 Ra6 29.d6 Rxa2+
30.Kg3 Kg7 31.d7  1-0

[Event "Open"]
[Site "Porto San Giorgio ITA"]
[Date "2000.08.23"]
[Round "4"]
[White "Zlochevskij,A"]
[Black "Spasov,V"]
[Result "0-1"]
[WhiteElo "2450"]
[BlackElo "2593"]

1.d4 g6 2.c4 Nf6 3.Nc3 Bg7 4.e4 d6 5.Nf3 O-O 6.Be2 e5 7.O-O Nc6 8.d5 Ne7
9.Nd2 a5 10.Rb1 Bd7 11.b3 Bh6 12.Qc2 Nc8 13.Ba3 b6 14.Bc1 Ne7 15.a3 Nh5 16.g3 f5
17.exf5 Nxf5 18.Nf3 Bxc1 19.Rbxc1 Nf6 20.Rfe1 Qe7 21.Bf1 Qg7 22.Qd2 h6 23.h4 Rf7
24.Bg2 Raf8 25.b4 axb4 26.axb4 Ng4 27.Ne4 Nd4 28.Nxd4 exd4 29.f4 Ne3 30.c5 bxc5
31.bxc5 Bf5 32.cxd6 Bxe4 33.Bxe4 cxd6 34.Rc6 g5 35.hxg5 hxg5 36.Qh2 gxf4
37.Rxd6 Qxg3+ 38.Kh1 Qxe1+  0-1

[Event "ECh-u20 Girls"]
[Site "Aviles ESP"]
[Date "2000.08.24"]
[Round "8"]
[White "Cmilyte,V"]
[Black "Srebrnic,A"]
[Result "1-0"]
[WhiteElo "2335"]
[BlackElo "2174"]

1.d4 d6 2.Nf3 g6 3.c4 Bg7 4.Nc3 Nf6 5.e4 O-O 6.Be2 e5 7.O-O Nc6 8.d5 Ne7
9.Kh1 Nd7 10.g4 a5 11.Rg1 Nc5 12.Be3 Bd7 13.b3 Kh8 14.Ne1 f5 15.f3 Ng8 16.gxf5 gxf5
17.Bxc5 dxc5 18.Nd3 Qe7 19.Rg2 Nf6 20.Qd2 Nh5 21.Rag1 f4 22.Nd1 Qh4 23.Rxg7 Nxg7
24.Nxe5 Bh3 25.a4 Rae8 26.Ng4 Bxg4 27.Rxg4 Qf6 28.Qb2 Qxb2 29.Nxb2 Nh5 30.Nd3 b6
31.Rh4 Nf6 32.Rxf4 Nd7 33.Rxf8+ Nxf8 34.e5 Kg7 35.f4 Kg6 36.Bg4 h5 37.Bh3 Kg7
38.Kg2 Ng6 39.Kf3 Ne7 40.f5 Ng8 41.Kf4 Nf6 42.exf6+ Kxf6 43.Nf2 Re2 44.Ne4+ Kf7
45.f6 Rxh2 46.Be6+ Ke8 47.f7+ Ke7 48.Ng5 h4 49.Kf3 Rh1 50.Kg2 Rb1 51.Nh7 h3+
52.Kf2 Rb2+ 53.Kf3  1-0

[Event "Open"]
[Site "Polanica Zdroj POL"]
[Date "2000.08.24"]
[Round "7"]
[White "Malakhatko,V"]
[Black "Maciejewski,M"]
[Result "1-0"]
[WhiteElo "2564"]
[BlackElo "2330"]

1.d4 Nf6 2.c4 g6 3.Nc3 Bg7 4.e4 d6 5.Nf3 O-O 6.Be2 e5 7.O-O Nc6 8.d5 Ne7
9.b4 Nh5 10.Re1 a5 11.bxa5 Rxa5 12.Nd2 Nf4 13.Bf1 c5 14.a4 Ra6 15.Ra3 Kh8
16.Nb5 Ng8 17.g3 Nh5 18.Be2 Nhf6 19.f4 exf4 20.gxf4 h5 21.Bb2 Ng4 22.Bxg7+ Kxg7
23.Nf3 N8f6 24.Bf1 Nh7 25.Qd2 Kg8 26.e5 Bf5 27.Nxd6 Rxd6 28.exd6 Qxd6 29.Ne5 Nh6
30.Bg2 Ra8 31.a5 f6 32.Nf3 Nf8 33.Rb3 Qd8 34.Rxb7 Nf7 35.Rbe7 Nd6 36.Qc3 Nd7
37.Nh4 Rb8 38.a6 Be4 39.R7xe4 Nxe4 40.Bxe4 f5 41.Nxf5 gxf5 42.Bxf5 Nf8 43.Kh1  1-0

[Event "Open"]
[Site "Porto San Giorgio ITA"]
[Date "2000.08.25"]
[Round "6"]
[White "Grigore,G"]
[Black "Faybish,N"]
[Result "0-1"]
[WhiteElo "2508"]
[BlackElo "2211"]

1.d4 Nf6 2.c4 g6 3.Nc3 Bg7 4.e4 d6 5.Be2 O-O 6.Nf3 e5 7.O-O Nc6 8.d5 Ne7
9.Nd2 a5 10.a3 Nd7 11.Rb1 f5 12.b4 Kh8 13.f3 c6 14.bxa5 Nc5 15.Nb3 Nxb3 16.Rxb3 Rxa5
17.Be3 c5 18.f4 fxe4 19.Nxe4 Nf5 20.Bd2 Ra6 21.Bg4 Nd4 22.Rh3 Kg8 23.Ng5 h6
24.Be6+ Bxe6 25.Nxe6 Nxe6 26.dxe6 Qf6 27.fxe5 Qxf1+ 28.Qxf1 Rxf1+ 29.Kxf1 dxe5
30.e7 Kf7 31.Bxh6 Bxh6 32.Rxh6 Kxe7 33.Rh7+ Ke6 34.Rxb7 Ra4 35.Ke2 Rxc4 36.Rb2 Kd5
37.Ra2 Ra4 38.Kd3 e4+ 39.Kc3 g5 40.Rd2+ Ke5 41.Kb3 Rd4 42.Kc3 Rxd2 43.Kxd2 Kd4
44.a4 c4 45.a5 c3+ 46.Ke2 e3 47.a6 c2 48.a7 c1=Q 49.a8=Q Qc2+ 50.Kf3 Qf5+  0-1

[Event "5th Paks Cup IM"]
[Site "Paks HUN"]
[Date "2000.08.26"]
[Round "8"]
[White "Friedrichs,K"]
[Black "Tancsa,R"]
[Result "0-1"]
[WhiteElo "2248"]
[BlackElo "2209"]

1.d4 Nf6 2.Nf3 g6 3.c4 Bg7 4.Nc3 O-O 5.e4 d6 6.Be2 e5 7.O-O Nc6 8.d5 Ne7
9.Ne1 Nd7 10.Be3 f5 11.f3 f4 12.Bf2 g5 13.a4 a6 14.a5 Rf6 15.Kh1 Rh6 16.Nd3 Qe8
17.Rc1 Kh8 18.c5 Qh5 19.Bg1 Nf6 20.cxd6 cxd6 21.Na4 Nfxd5 22.exd5 Nf5 23.Rxc8+ Rxc8
24.h3 e4 25.Bf2 exd3 26.Bxd3 Ne3 27.Bxe3 fxe3 28.Re1 Re8 29.Be4 Qh4 30.Nb6 g4
31.Rxe3 gxh3 32.g4 Qg3 33.Qc2 Bd4 34.Nc4 Bxe3 35.Qc3+ Kg8 36.Nxe3 Qf2 37.Qc1 Rf6
38.g5 Rxf3 39.Bxh7+ Kxh7 40.Qc7+ Kg8 41.Qxd6 Qe1+ 42.Kh2 Qe2+  0-1

[Event "ECh-u20 Girls"]
[Site "Aviles ESP"]
[Date "2000.08.27"]
[Round "11"]
[White "Radziewicz,I"]
[Black "Paehtz,E"]
[Result "1/2-1/2"]
[WhiteElo "2379"]
[BlackElo "2343"]

1.Nf3 Nf6 2.c4 g6 3.Nc3 Bg7 4.e4 d6 5.d4 O-O 6.Be2 e5 7.O-O Nc6 8.d5 Ne7
9.b4 a5 10.bxa5 c5 11.dxc6 Nxc6 12.a6 bxa6 13.Be3 Bg4 14.Rc1 Rc8 15.Qa4 Bxf3
16.Bxf3 Nd4 17.Rfd1 Nd7 18.Rd2 Nb6 19.Qxa6 Ra8 20.Qb7 Nxc4 21.Rdd1 Rb8  1/2-1/2

[Event "5th Paks Cup GM"]
[Site "Paks HUN"]
[Date "2000.08.27"]
[Round "9"]
[White "Lipinsky,F"]
[Black "Senff,M"]
[Result "1/2-1/2"]
[WhiteElo "2362"]
[BlackElo "2354"]

1.d4 Nf6 2.c4 g6 3.Nc3 Bg7 4.e4 d6 5.Nf3 O-O 6.Be2 e5 7.O-O Nc6 8.d5 Ne7
9.Nd2 a5 10.Rb1 Nd7 11.a3 f5 12.b4 Kh8 13.Qc2 Nf6 14.f3 Nh5 15.c5 axb4 16.axb4 Nf4
17.Nc4 g5 18.cxd6 cxd6 19.Be3 Neg6 20.Nb5 Ra6  1/2-1/2

[Event "Open"]
[Site "Collado Villalba ESP"]
[Date "2000.08.28"]
[Round "6"]
[White "Candela Perez,J"]
[Black "Almagro Llanas,P"]
[Result "1-0"]
[WhiteElo "2416"]
[BlackElo "2223"]

1.d4 Nf6 2.c4 g6 3.Nc3 Bg7 4.e4 d6 5.Nf3 O-O 6.Be2 e5 7.O-O Nc6 8.d5 Ne7
9.b4 a5 10.Ba3 axb4 11.Bxb4 Nd7 12.a4 h6 13.Nd2 f5 14.a5 Nf6 15.c5 Nxe4 16.Ndxe4 fxe4
17.cxd6 cxd6 18.Nxe4 Rf4 19.Bf3 Bf5 20.Re1 Qd7 21.Bd2 Bxe4 22.Bxe4 Rff8 23.Qa4 Rad8
24.Reb1 Nf5 25.Rb6 Qf7 26.f3 Rd7 27.Rab1 Rc8 28.Qb4 Rcc7 29.Be1 Bf8 30.Bf2 Ne7
31.Rxd6 Nxd5 32.Bxd5 Qxd5 33.Rxg6+ Kh7 34.Qg4 Rc2 35.Rxh6+ Bxh6 36.Qf5+ Kh8
37.Qxc2 Rg7 38.Qc8+ Kh7 39.Qf5+ Kh8 40.Qh5 Kh7 41.Be3 Rg6 42.Bxh6 Rxh6 43.Qf5+ Kg7
44.Qe4  1-0

[Event "6th WUCC"]
[Site "Golden Sands BUL"]
[Date "2000.09.01"]
[Round "1"]
[White "Janssen,R"]
[Black "Cukier,M"]
[Result "1-0"]
[WhiteElo "2414"]
[BlackElo "2167"]

1.Nf3 Nf6 2.c4 g6 3.Nc3 Bg7 4.e4 d6 5.d4 O-O 6.Be2 e5 7.O-O Nc6 8.d5 Ne7
9.b4 Ne8 10.a4 Kh8 11.c5 Ng8 12.a5 f5 13.Nd2 Ngf6 14.Ba3 Bh6 15.b5 Rf7 16.Nc4 Nxe4
17.Nxe4 fxe4 18.b6 Bf4 19.bxc7 Qg5 20.cxd6 Bh3 21.g3 e3 22.Bc5 exf2+ 23.Bxf2 Nf6
24.Ra3 Ne4 25.Qb1 Nxf2 26.Rxf2 Raf8 27.Kh1 Bf5 28.Qf1 Be4+ 29.Bf3 Bxg3 30.hxg3 Qxg3
31.Nd2 Rf4 32.Qg2 Qh4+ 33.Qh2 Bxf3+ 34.Raxf3 Qf6 35.Rxf4 exf4 36.Qxf4 Qa1+
37.Rf1  1-0

[Event "FSIMA September"]
[Site "Budapest HUN"]
[Date "2000.09.02"]
[Round "1"]
[White "Grimm,Sa"]
[Black "Rajlich,V"]
[Result "1-0"]
[WhiteElo "2340"]
[BlackElo "2209"]

1.Nf3 Nf6 2.c4 g6 3.Nc3 Bg7 4.e4 d6 5.d4 O-O 6.Be2 e5 7.O-O Nc6 8.d5 Ne7
9.b4 Nh5 10.g3 f5 11.Ng5 Nf6 12.f3 f4 13.Kg2 Nh5 14.Ne6 Bxe6 15.dxe6 Nc6
16.Nd5 Re8 17.c5 Kh8 18.Bc4 dxc5 19.bxc5 Na5 20.Qa4 Nxc4 21.Qxc4 c6 22.Nc3 Qd4
23.Qb3 Qxc5 24.Rd1 Rad8 25.Na4 Qb5 26.Qxb5 cxb5 27.Rxd8 Rxd8 28.Nc3 b4 29.Nd5 Re8
30.Rb1 fxg3 31.hxg3 Bf8 32.Nxb4 Rxe6 33.Nd3 b6 34.Nxe5 Rxe5 35.Bb2 Bg7 36.Bxe5 Bxe5
37.f4 Bg7 38.Rd1 Bf8 39.e5 Ng7 40.Rd7 a5 41.Rb7 a4 42.Rxb6 a3 43.g4 Kg8 44.Kf3 Kf7
45.Ke4 Ne6 46.f5 Ng5+ 47.Kd5 gxf5 48.gxf5 h5 49.Rb7+ Ke8 50.e6 h4 51.Rb8+ Ke7
52.f6+ Kxf6 53.Rxf8+ Ke7 54.Rf5  1-0

[Event "Open"]
[Site "Cesenatico ITA"]
[Date "2000.09.04"]
[Round "2"]
[White "Farago,I"]
[Black "Gori,A"]
[Result "1-0"]
[WhiteElo "2486"]
[BlackElo "2201"]

1.d4 Nf6 2.c4 d6 3.Nc3 g6 4.e4 Bg7 5.Be2 O-O 6.Nf3 e5 7.O-O Nc6 8.d5 Ne7
9.b4 Nh5 10.Re1 h6 11.Nd2 Nf6 12.c5 Ne8 13.Nc4 f5 14.f3 f4 15.a4 h5 16.Ba3 g5
17.b5 Rf6 18.b6 axb6 19.cxd6 cxd6 20.Qb3 Ra6 21.Nd2 Ra5 22.Rab1 b5 23.Bxb5 Nc7
24.Be2 g4 25.Qb6 Ra6 26.Bxa6 bxa6 27.Rbc1 Qd7 28.Kh1 Ne8 29.Bb4 h4 30.Ba5 gxf3
31.gxf3 Kf7 32.Qf2 Rh6 33.Nc4 Bf6 34.Nb6 Qd8 35.Nxc8 Qxc8 36.Rg1 Ng7 37.Nb5 Qd7
38.Qa7 Qh3 39.Nxd6+ Kg8 40.Qf2 Kh7 41.Rg4 Nh5 42.Qg2 Ng3+ 43.Kg1  1-0

[Event "FSIMA September"]
[Site "Budapest HUN"]
[Date "2000.09.05"]
[Round "4"]
[White "Orso,M"]
[Black "Appleberry,M"]
[Result "1-0"]
[WhiteElo "2346"]
[BlackElo "2291"]

1.d4 Nf6 2.Nf3 g6 3.c4 Bg7 4.Nc3 d6 5.e4 O-O 6.Be2 e5 7.O-O Nc6 8.d5 Ne7
9.b4 c6 10.a4 a5 11.bxa5 Qxa5 12.Bd2 Qd8 13.Qb3 c5 14.Rfb1 Ra6 15.Ra2 Kh8
16.Qa3 Nfg8 17.Rab2 Bh6 18.Bd1 Bxd2 19.Nxd2 f5 20.exf5 Nxf5 21.Nce4 Nf6 22.Nxf6 Qxf6
23.Ne4 Qh4 24.Qd3 Nd4 25.Qe3 Bf5 26.f3 Bxe4 27.Qxe4 Qxe4 28.fxe4 b6 29.Rxb6 Ra7
30.Rb7 Raa8 31.Rd7 Rxa4 32.Bxa4 Ne2+ 33.Kh1 Nc3 34.Ra1 Nxa4 35.h4 Nb6 36.Rb7 Nxc4
37.Raa7 Rc8 38.Rxh7+ Kg8 39.Rag7+ Kf8 40.Rxg6 Ra8 41.h5 Ra1+ 42.Kh2 Re1 43.h6 Rxe4
44.Rh8+  1-0

[Event "Open"]
[Site "Cesenatico ITA"]
[Date "2000.09.05"]
[Round "4"]
[White "Farago,I"]
[Black "Collutiis,D"]
[Result "1-0"]
[WhiteElo "2486"]
[BlackElo "2286"]

1.d4 Nf6 2.c4 g6 3.Nc3 Bg7 4.e4 d6 5.Be2 O-O 6.Nf3 e5 7.O-O Nc6 8.d5 Ne7
9.b4 c6 10.Nd2 a5 11.bxa5 Qxa5 12.Qc2 c5 13.a4 Ne8 14.Nb3 Qd8 15.a5 f5 16.f3 Bd7
17.Bd2 f4 18.Na4 Nc8 19.Rfb1 Qe7 20.Nc1 Ra7 21.Qb3 Nf6 22.Nb6 Nxb6 23.Qxb6 Rfa8
24.Na2 Ne8 25.Nc3 Qd8 26.Qxd8 Rxd8 27.Rb6 Bf6 28.Rab1 Bc8 29.Na4 Bd7 30.Bd1 Rb8
31.R6b2 Kf7 32.Nb6 Ke7 33.Nxd7 Kxd7 34.Ba4+ Kc7 35.Bc6 Ng7 36.a6 Rxa6 37.Rxb7+ Rxb7
38.Rxb7+ Kc8 39.Rf7 Ra1+ 40.Kf2 Nh5 41.Rxh7 Ra2 42.Ke2 Bh4 43.Rh8+ Kc7 44.Ra8 Rxa8
45.Bxa8 Kb6 46.Bc6 Ng7 47.Bc3 Ka6 48.Bd7 Kb7 49.Be6 Bd8 50.Bf7 g5 51.g3 fxg3
52.hxg3 Bf6 53.Bd2 Kc7 54.Kf2 Kd7 55.Kg2 Ke7 56.Bg6 g4 57.fxg4 Kf8 58.Bh6 Bd8
59.Kf3 Be7 60.Ke2 Bd8 61.Kd1 Ba5 62.g5  1-0

[Event "6th WUCC Women"]
[Site "Golden Sands BUL"]
[Date "2000.09.07"]
[Round "6"]
[White "Nill,J"]
[Black "Trofimova,A"]
[Result "1-0"]
[WhiteElo "2206"]
[BlackElo "2248"]

1.d4 Nf6 2.Nf3 g6 3.c4 Bg7 4.Nc3 O-O 5.e4 d6 6.Be2 e5 7.O-O Nc6 8.d5 Ne7
9.b4 Nh5 10.Re1 Nf4 11.Bf1 a5 12.bxa5 Rxa5 13.a4 Bg4 14.h3 Bxf3 15.Qxf3 c5
16.Rb1 b6 17.g3 Nh5 18.Qd1 Nf6 19.Bd2 Ra6 20.Rb5 Nd7 21.Bg2 h6 22.Qc1 Kh7
23.Qc2 h5 24.Qc1 Ng8 25.g4 hxg4 26.hxg4 Ngf6 27.Bf3 Rh8 28.Kg2 Kg8 29.Rh1 Rxh1
30.Qxh1 Nh7 31.Rb1 Bf6 32.Qh6 Bg5 33.Bxg5 Nxg5 34.Rh1 Qf6 35.Bd1 Ra8 36.Nb5 Nf8
37.Nxd6 Nfh7 38.Nb5 Qf4 39.Nc3 Rd8 40.Qh2 Qf6 41.Qg3 Kg7 42.Bc2 Rh8 43.Nb5 Nf8
44.Rxh8 Kxh8 45.Na7 Nd7 46.Nc6 Kg8 47.Bd3 Kf8 48.Qe3 Kg7 49.a5 bxa5 50.Nxa5 Nh7
51.Be2 Qb6 52.Nc6 Qb2 53.g5 Nhf8 54.Bg4 Qc2 55.Qh3 f5 56.exf5 Qe4+ 57.Qf3 gxf5
58.Bxf5 Qxc4 59.Be4 Ng6 60.Bxg6 Kxg6 61.Ne7+ Kg7 62.Qf5 Qa4 63.Nc6  1-0

[Event "zt 1.1"]
[Site "Mondariz ESP"]
[Date "2000.09.07"]
[Round "5"]
[White "Piket,Je"]
[Black "David,Alb"]
[Result "1/2-1/2"]
[WhiteElo "2649"]
[BlackElo "2487"]

1.d4 Nf6 2.c4 g6 3.Nc3 Bg7 4.e4 d6 5.Nf3 O-O 6.Be2 e5 7.O-O Nc6 8.d5 Ne7
9.Ne1 Nd7 10.Be3 f5 11.f3 f4 12.Bf2 g5 13.Rc1 Rf6 14.g4 h5 15.h3 Rh6 16.Kg2 Kf7
17.Rh1 Ng6 18.b4 Nf6 19.Nd3 Bd7 20.c5 a6 21.Nb2 Qe7 22.c6 bxc6 23.dxc6 Be6
24.Bc4 Rah8 25.Qb3 hxg4 26.hxg4 Nxg4 27.Rxh6 Nxh6 28.Nd5 Bxd5 29.Bxd5+ Kf8
30.b5 axb5 31.Qxb5 Bf6 32.Rh1 Kg7 33.Nd3 g4 34.fxg4 Bh4 35.Bxh4 Nxh4+ 36.Kf1 Nxg4
37.Rg1 Qg5 38.Qa5 Ne3+ 39.Kf2 Nd1+ 40.Kf1 Ne3+ 41.Kf2  1/2-1/2

[Event "FSIMB September"]
[Site "Budapest HUN"]
[Date "2000.09.09"]
[Round "8"]
[White "Balogh,V"]
[Black "Gara,A"]
[Result "1/2-1/2"]
[WhiteElo "2182"]
[BlackElo "2291"]

1.d4 Nf6 2.c4 g6 3.Nc3 Bg7 4.e4 d6 5.Nf3 O-O 6.Be2 e5 7.O-O Nc6 8.d5 Ne7
9.b4 Nh5 10.Re1 Nf4 11.Bf1 a5 12.bxa5 Rxa5 13.Nd2 c5 14.a4 h6 15.Ra3 g5 16.Nb5 Ra6
17.g3 Nfg6 18.Be2 f5 19.Bh5 fxe4 20.Nxe4 Qd7 21.a5 g4 22.f3 gxf3 23.Rxf3 Qd8
24.Rxf8+ Nxf8 25.Bd2 Bf5 26.Bg4 Bxe4  1/2-1/2

[Event "Najdorf Final KO"]
[Site "Buenos Aires ARG"]
[Date "2000.09.10"]
[Round "1.2"]
[White "Quiroga,F"]
[Black "Maggiolo,E"]
[Result "1/2-1/2"]
[WhiteElo "2398"]
[BlackElo "2115"]

1.d4 Nf6 2.c4 g6 3.Nc3 Bg7 4.e4 d6 5.Nf3 O-O 6.Be2 e5 7.O-O Nc6 8.d5 Ne7
9.Ne1 Nd7 10.Nd3 f5 11.Bd2 Nf6 12.f3 f4 13.c5 g5 14.Rc1 Ng6 15.cxd6 cxd6
16.Nb5 Rf7 17.Qc2 Ne8 18.a4 h5 19.Nf2 Bd7 20.Qb3 Bf8 21.Rc2 Rg7 22.Rfc1 Nh4
23.h3 a6 24.Na3 Nf6 25.Be1 g4 26.fxg4 hxg4 27.hxg4 Bxg4 28.Bxg4 Nxg4 29.Nxg4 Rxg4
30.Qh3 Qg5  1/2-1/2

[Event "FSIMA September"]
[Site "Budapest HUN"]
[Date "2000.09.11"]
[Round "10"]
[White "Orso,M"]
[Black "Vajda,S"]
[Result "1/2-1/2"]
[WhiteElo "2346"]
[BlackElo "2282"]

1.c4 Nf6 2.Nc3 g6 3.Nf3 Bg7 4.e4 d6 5.Be2 O-O 6.O-O e5 7.d4 Nc6 8.d5 Ne7
9.b4 c6 10.a4 a5 11.bxa5 Qxa5 12.Bd2 Ne8 13.Rb1 f5 14.Ng5 h6 15.dxc6 Nxc6
16.Nd5 Qxa4 17.Nb6 Qxd1 18.Rfxd1 Rb8 19.Nxc8 Rxc8 20.Ne6 Rf7 21.exf5 gxf5
22.Bc1 Re7 23.Nxg7 Kxg7 24.Bb2 Na5 25.Rbc1 Rec7 26.f4 Nxc4 27.Bxc4 Rxc4 28.fxe5 Rxc1
29.exd6+ Kh7 30.Bxc1 Nxd6 31.Bf4 Ne4 32.Rd7+ Kg6 33.Rxb7 Rc6 34.h3 h5 35.Rb8 Nf6
36.Kh2 Rc4 37.Be5 Re4 38.Bb2 Re6 39.Rb3 Ne4 40.Rb5 Rc6 41.Be5 Ra6 42.Bf4 Re6
43.Rb8 Ra6 44.Rh8 Nf6 45.Kg3 Ra2 46.Rc8 Ra3+ 47.Kh2 Ra6 48.Be5 Ne4 49.Kg1 Re6
50.Bd4 Rd6 51.Be5 Re6 52.Bf4 Nf6 53.Kf2 Ra6 54.Bc1 Rb6 55.Ke3 Rb3+ 56.Ke2 Rb6
57.Kd3 Rb3+ 58.Kd4 Rb4+ 59.Kc5 Re4  1/2-1/2

[Event "zt 1.1"]
[Site "Mondariz ESP"]
[Date "2000.09.11"]
[Round "8"]
[White "San Segundo Carrillo,P"]
[Black "Piket,Je"]
[Result "0-1"]
[WhiteElo "2500"]
[BlackElo "2649"]

1.d4 g6 2.c4 Bg7 3.e4 d6 4.Nc3 Nf6 5.Nf3 O-O 6.Be2 e5 7.O-O Nc6 8.d5 Ne7
9.b4 Nh5 10.Re1 f5 11.Ng5 Nf6 12.Bf3 c6 13.Be3 Kh8 14.Qb3 h6 15.Ne6 Bxe6
16.dxe6 Qc8 17.c5 d5 18.exd5 cxd5 19.Nxd5 Nfxd5 20.Bxd5 Nxd5 21.Qxd5 Rd8
22.Qb3 Re8 23.Rad1 Rxe6 24.Qd5 a6 25.a4 Qc6 26.b5 axb5 27.axb5 Qxd5 28.Rxd5 f4
29.Bd2 Ree8 30.Kf1 g5 31.Bc3 e4 32.Bxg7+ Kxg7 33.Rd7+ Kf6 34.Rxb7 e3 35.c6 e2+  0-1

[Event "It Gp A"]
[Site "Albacete ESP"]
[Date "2000.09.13"]
[Round "9"]
[White "Pogorelov,R"]
[Black "Garcia Martinez,S"]
[Result "1-0"]
[WhiteElo "2445"]
[BlackElo "2442"]

1.Nf3 Nf6 2.c4 g6 3.Nc3 Bg7 4.e4 d6 5.d4 O-O 6.Be2 e5 7.O-O Nc6 8.d5 Ne7
9.Ne1 Kh8 10.Be3 Nd7 11.Nd3 f5 12.f3 f4 13.Bf2 g5 14.c5 Rf6 15.g4 h5 16.h3 Rh6
17.Kg2 Ng6 18.c6 bxc6 19.dxc6 Nf6 20.Nb4 hxg4 21.hxg4 Nh4+ 22.Bxh4 gxh4 23.Kh2 Nh7
24.Nbd5 Ng5 25.b4 Ne6 26.b5 h3 27.Bc4 Rh7 28.a4 Bh6 29.a5 Bg5 30.b6 axb6
31.axb6 Rxa1 32.Qxa1 cxb6 33.Nb5 Bh6 34.c7 Qh4 35.Qe1 Qxe1 36.Rxe1 Nd4 37.Nxd4 exd4
38.e5  1-0

[Event "zt 1.1"]
[Site "Mondariz ESP"]
[Date "2000.09.14"]
[Round "11"]
[White "Arlandi,E"]
[Black "David,Alb"]
[Result "1/2-1/2"]
[WhiteElo "2437"]
[BlackElo "2487"]

1.d4 Nf6 2.c4 g6 3.Nc3 Bg7 4.e4 d6 5.Nf3 O-O 6.Be2 e5 7.O-O Nc6 8.d5 Ne7
9.Nd2 a5 10.a3 Nd7 11.Rb1 f5 12.b4 Kh8 13.f3 Ng8 14.Qc2 Ngf6 15.Bd3 f4 16.Nb5 b6
17.Bb2 Ne8 18.Nb3 a4 19.Nd2 g5 20.Nc3 Rg8 21.Nxa4 g4 22.fxg4 h5 23.gxh5 Ndf6
24.Be2 Bh6 25.Kh1 Ng4 26.Bxg4 Bxg4 27.Nf3 Qd7 28.Nc3 Nf6 29.Ne2 Nxh5 30.Nxe5 dxe5
31.Bxe5+ Kh7 32.Nxf4 Rae8 33.Nxh5 Bxh5 34.Bb2 Bg6 35.Rbe1 Qg4 36.h3 Bxe4
37.Rf7+ Kg6 38.Rf6+ Kh7 39.Rf7+ Kg6 40.Rf6+ Kh7 41.Rf7+  1/2-1/2

[Event "World Seniors"]
[Site "Rowy POL"]
[Date "2000.09.22"]
[Round "10"]
[White "Zakhvatov,V"]
[Black "Lapienis,D"]
[Result "1/2-1/2"]
[WhiteElo "2341"]
[BlackElo "2292"]

1.d4 Nf6 2.c4 g6 3.Nc3 Bg7 4.e4 d6 5.Be2 O-O 6.Nf3 e5 7.O-O Nc6 8.d5 Ne7
9.b4 Nh5 10.Re1 f5 11.Ng5 Nf6 12.Bf3 Ne8 13.Qb3 Bf6 14.c5 Kh8 15.Ne6 Bxe6
16.dxe6 Nc6 17.exf5 Nd4  1/2-1/2

[Event "TCh-FIN 00-01"]
[Site "FIN"]
[Date "2000.09.23"]
[Round "1"]
[White "Salo,H"]
[Black "Franssila,T"]
[Result "0-1"]
[WhiteElo "2248"]
[BlackElo "2262"]

1.d4 Nf6 2.c4 g6 3.Nc3 Bg7 4.e4 O-O 5.Be2 d6 6.Nf3 e5 7.O-O Nc6 8.d5 Ne7
9.Nd2 Ne8 10.b4 f5 11.c5 Kh8 12.a4 Ng8 13.Nc4 Nh6 14.a5 f4 15.f3 g5 16.Bd2 Nf7
17.Be1 h5 18.Bf2 Bd7 19.c6 bxc6 20.dxc6 Bxc6 21.a6 Nh6 22.Na5 Bd7 23.Bb5 g4
24.Kh1 g3 25.Bg1 h4 26.Nc6 Qg5 27.Nxa7 h3 28.hxg3 hxg2+ 29.Kxg2 Bh3+ 30.Kh1 fxg3
31.Re1 Qh4 32.Be3 Bg4+ 33.Kg1 Qh2+ 34.Kf1 Bh3+  0-1

[Event "World Seniors"]
[Site "Rowy POL"]
[Date "2000.09.23"]
[Round "11"]
[White "Arkhangelsky,B"]
[Black "Chehlov,A"]
[Result "1-0"]
[WhiteElo "2424"]
[BlackElo "2242"]

1.Nf3 Nf6 2.d4 g6 3.c4 Bg7 4.Nc3 d6 5.e4 O-O 6.Be2 e5 7.O-O Nc6 8.d5 Ne7
9.b4 a5 10.bxa5 Rxa5 11.a4 b6 12.Nd2 Nd7 13.Nb3 Ra8 14.a5 Ba6 15.Be3 f5 16.f3 f4
17.Bf2 g5 18.Ra3 Nc5 19.Qc2 Bc8 20.Rfa1 Nxb3 21.Qxb3 Rxa5 22.Rxa5 bxa5 23.c5 Kh8
24.Qb8 Ng8 25.Rxa5 Nf6 26.Ra7 dxc5 27.Bxc5 Rg8 28.Qxc7 Qe8 29.Ra8 g4 30.fxg4 f3
31.gxf3 Bh6 32.Bb5 Qg6 33.Rxc8 Nxg4 34.Rxg8+ Qxg8 35.Kh1 Nf6 36.Ne2 Qg6 37.Qc8+ Ng8
38.Qe6 Qh5 39.Qg4 Qf7 40.Qf5 Qc7 41.Bf2 Qc2 42.Kg2 Bg7 43.d6 Bf6 44.Qe6 Qd2
45.Bc4 Qg5+  1-0

[Event "XVI ECC"]
[Site "Neum BIH"]
[Date "2000.09.24"]
[Round "1"]
[White "Bareev,E"]
[Black "Babula,V"]
[Result "1-0"]
[WhiteElo "2702"]
[BlackElo "2582"]

1.d4 Nf6 2.c4 g6 3.Nc3 Bg7 4.e4 d6 5.Be2 O-O 6.Nf3 e5 7.O-O Nc6 8.d5 Ne7
9.b4 c6 10.a4 a5 11.bxa5 Qxa5 12.Bd2 c5 13.g3 Qd8 14.Ra3 Bh3 15.Re1 h6 16.Rb3 Bc8
17.Qc1 Kh7 18.Nh4 Nfg8 19.Bd3 Kh8 20.f3 f5 21.exf5 gxf5 22.Qc2 Ra6 23.Reb1 Qd7
24.Rb6 e4 25.fxe4 fxe4 26.Nxe4 Rxb6 27.Rxb6 Bd4+ 28.Kh1 Qh3 29.Rb1 Nf5 30.Ng6+ Kg7
31.Nxf8 Nh4 32.Bc3  1-0

[Event "XVI ECC"]
[Site "Neum BIH"]
[Date "2000.09.28"]
[Round "5"]
[White "Kozul,Z"]
[Black "Hermansson,E"]
[Result "1-0"]
[WhiteElo "2611"]
[BlackElo "2382"]

1.d4 Nf6 2.c4 g6 3.Nc3 Bg7 4.e4 d6 5.Nf3 O-O 6.Be2 e5 7.O-O Nc6 8.d5 Ne7
9.Ne1 Nd7 10.Be3 f5 11.f3 f4 12.Bf2 g5 13.a4 Ng6 14.a5 Rf7 15.c5 Nxc5 16.Bxc5 dxc5
17.Bc4 Kh8 18.a6 b6 19.d6 Rf6 20.dxc7 Qd4+ 21.Qxd4 exd4 22.Bd5 dxc3 23.bxc3 Rd6
24.Bxa8 Bxc3 25.Ra3 Bd4+ 26.Kh1 Rd7 27.Nc2 Rxc7 28.Rb1 Ne5 29.Bd5 g4 30.fxg4 Bxg4
31.Rf1 f3 32.Nxd4 fxg2+ 33.Kxg2 cxd4 34.Kg3 Be2 35.Rf8+ Kg7 36.Rb8 Kg6 37.Rb7 Rc8
38.Ra2 d3 39.Kf4 Rc2 40.Ra1 Nc6 41.Rg1+ Kh5 42.Rxh7+  1-0